000 00826nam a2200217Ia 4500
001 10179
003 GE_BSU
008 181216s||||||||xx |||||||||||||| ||und||
040 _cGE_BSU
100 _aსამსონია,ალექსანდრე
245 _aზღვა, მზე და სიყვარული
245 _bიუმორისტული მოთხრობები
245 _cრედ:ქ.თავაძე; მხატვ:გ.ფირცხალავა
260 _aთბილისი
260 _bსაბჭ.საქართველო
260 _c1964
300 _a153გვ;17სმ.
653 _aზღვა,მზე და სიყვარული
653 _aიუმორისტული მოთხრობები
942 _cBK
999 _c43449
_d43449